00926nam a2200229 a 4500001001000000003000500010005001700015008004100032010001100073011001100084040000900095100003800104245015200142260004100294500006000335502010400395650004300499650003700542650001900579650002800598856007000626000115646CHAP20220329144543.0190618s2018 mx a |sm |||||||spa d a112107 a113079 cCHAP1 aPérez Córdova, Wiston Wilmer.10aProblemática derivada del cultivo de papa comercial en San Francisco Pichátaro, Michoacánh[En línea]cpor Wiston Wilmer Pérez Córdova. aChapingo, Méx. :bEl autor,c2018. aPara ver el contenido del material haga clic en la liga aTesis (M.C. en Desarrollo Rural Regional) -- UACH. Dirección de Centros Regionales Universitarios14aCampesinadoxCondiciones económicas.14aFertilizantesxEfecto en suelos.14aPapaxCultivo.14aTierrasxArrendamiento. aFinding aiduhttp://10.13.5.2/tesis/sist115646.pdfzTeclea aquí